| 000 | 00512nam a2200181 a 4500 | ||
|---|---|---|---|
| 005 | 20140412111330.0 | ||
| 008 | 030116s19uu xx 00 eng d | ||
| 020 | _a0-307-12793-1 | ||
| 050 |
_aER _bPe31se 1993 |
||
| 100 | _aBraybrooks, Ann | ||
| 245 |
_aMickey Mouse: the seven ghosts / _cstory adapted by Ann Braybrooks. |
||
| 260 |
_aNew York : _bA Golden Book, _c1993. |
||
| 300 | _a24 p. ; ill. | ||
| 440 | _aWalt Disney's | ||
| 650 | _aGhosts--Fiction | ||
| 650 | _aChildren stories | ||
| 999 |
_c104887 _d104887 |
||